000 00828nam a2200277Ia 4500
003 OSt
005 20251203102206.0
008 008 250103s9999 xx 000 0 eng d
020 _a9789355512765
037 _aTextbook
040 _aCSL
_beng
_cCSL
041 _aeng
_2eng
084 _aD65,8(B)92CL P5;P7
_qCSL
100 _aKanetkar, Yanhvant
_9731825
245 0 _aLet us C: C programming language
_c/ by Yanhvant Kanetkar
250 _a19th
260 _aNew Delhi,
_bBPB Publisher:
_c2007.
300 _axvi, 492p.
_b: ill.
650 _a Arrays
_9734061
650 _a Handilng multiple strings
_9734062
650 _a Operations on bits
_9734063
650 _a Strings
_9734064
650 _aStatistics
_9853964
942 _cTB
_hD65,8(B)92CL P5;P7
_2CC
_n0
999 _c1237813
_d1237813